Macroeconomic instability in post-communist countries /

This book examines the causes of very high inflation--and of the great drop in statistically measured output--in the post-Communist countries of Central and Eastern Europe and in the former Soviet Union. It focuses on several key topics: the fundamental nature of the shift from supply-constrained ec...

Penerangan Penuh

Disimpan dalam:
Butiran Bibliografi
Pengarang Utama: Rostowski, Jacek.
Format: Buku
Bahasa:English
Diterbitkan: Oxford : New York : Clarendon Press ; Oxford University Press, 1998.
Subjek-subjek:
Penanda-penanda: Tambah Penanda
Tiada Penanda, Jadilah orang pertama menanda rekod ini!
LEADER 03608cam a2200373 a 4500
001 007715526-2
005 20020606104010.5
008 980916s1998 enka b 001 0 eng
010 |a  97030583  
015 |a GB98-18978 
020 |a 0198290489 
035 0 |a ocm37443335 
040 |a DLC  |c DLC  |d UKM  |d LDL  |d C#P 
043 |a ee-----  |a e-ur--- 
050 0 0 |a HC244  |b .R595 1998 
082 0 0 |a 339.5/0947  |2 21 
100 1 |a Rostowski, Jacek. 
245 1 0 |a Macroeconomic instability in post-communist countries /  |c Jacek Rostowski. 
260 |a Oxford :  |b Clarendon Press ;  |a New York :  |b Oxford University Press,  |c 1998. 
300 |a xiv, 380 p. :  |b ill. ;  |c 23 cm. 
504 |a Includes bibliographical references (p. [360]-370) and index. 
505 0 |a 1. Introduction: Macroeconomic Instability in Post-Communist Countries, Suggested Causes and Proposed Cures -- pt. 1. Crisis and Stabilization in Central Europe -- 2. Market Socialism is Not Enough: Inflation vs. Unemployment in Reformed Communist Economies -- 3. Stopping Very Rapid Inflations in Reforming and Post-Communist Economies -- 4. Hyperinflation and Stabilization in Serbia-Montenegro, 1992-94 -- 5. Stabilization and the Banking Sector: Switching from Bad to Good Credit in Post-Communist Economies -- 6. Labour Markets and Wages Policies during Economic Transition -- pt. 2. Disintegration and Inflation in the Former Soviet Union -- 7. What Went Wrong? The Reasons for the Failure of Stabilization in Russia in 1992 / Jacek Rostowski and Marek Dabrowski -- 8. The Inter-Enterprise Debt Explosion in the Former Soviet Union: Causes, Consequences, Cures -- 9. A Proposal for a Currency Board-Based Monetary System in the Republic of Latvia -- 10. Dilemmas of Monetary and Financial Policy in Post-Stabilization Russia -- pt. 3. Laying the Foundations of Long-Term Stability -- 11. Creating Stable Monetary Systems in Post-Communist Economies -- 12. Fiscal Crises during Economic Transition in East Central Europe: An Overview / Jacek Rostowski and Kalman Mizsei -- 13. Universal Banking and Economics Growth in Post-Communist Economies -- 14. Private Sector Development, Structural Change and Macroeconomic Stabilization: The Case of Poland 1988-93. 
520 |a This book examines the causes of very high inflation--and of the great drop in statistically measured output--in the post-Communist countries of Central and Eastern Europe and in the former Soviet Union. It focuses on several key topics: the fundamental nature of the shift from supply-constrained economies (in which there is no unemployment) to ones that are constrained by demand; the reconstruction of monetary and credit systems; and the central role of macroeconomic stabilization and generalized liberalization in creating the basis for private sector growth. Many of the chapters herein have grown out of policy debates in which the author participated.--Publisher description. 
650 0 |a Economic stabilization  |z Europe, Eastern. 
650 0 |a Economic stabilization  |z Former Soviet republics. 
650 0 |a Post-communism  |x Economic aspects  |z Europe, Eastern. 
650 0 |a Post-communism  |x Economic aspects  |z Former Soviet republics. 
650 0 |a Finance  |z Europe, Eastern. 
650 0 |a Finance  |z Former Soviet republics. 
651 0 |a Europe, Eastern  |x Economic policy  |y 1989- 
651 0 |a Former Soviet republics  |x Economic policy. 
776 0 8 |i Online version:  |a Rostowski, Jacek.  |t Macroeconomic instability in post-communist countries.  |d Oxford : Clarendon Press ; New York : Oxford University Press, 1998  |w (OCoLC)654559191 
988 |a 20020608 
906 |0 DLC